| 000 | 00746nam a2200229 a 4500 | ||
|---|---|---|---|
| 001 | 49732 | ||
| 003 | BD-RjUL | ||
| 005 | 20211209054724.0 | ||
| 008 | 160822s1987 BG ||||| |||| 00| 0 ben d | ||
| 020 | _c:TK. 25.00 | ||
| 035 | _a(BD-RjUL)49852 | ||
| 040 |
_aBD-RjUL _bben _cBD-RjUL |
||
| 041 | _aben | ||
| 082 |
_223 _a891.441 _bHAV 1987 |
||
| 100 | 1 |
_aহক, এনামুল _9146439 |
|
| 245 | 1 | 0 |
_aভীষণ সুখের নির্যাতনে / _cএনামুল হক |
| 260 |
_aঢাকা : _bবাংলা একাডেমী, _c১৯৮৭ |
||
| 300 |
_a৬৪ পৃ ; _c২১ সেমি. |
||
| 650 |
_aবাংলা কবিতা _9146440 |
||
| 650 |
_aBengali Poetry _9146441 |
||
| 942 |
_2ddc _cBK |
||
| 999 |
_c49732 _d49732 |
||